[Event "Albert m"]
[Site "Albert"]
[Date "2000.10.14"]
[Round "5"]
[White "Bacrot, Etienne"]
[Black "Short, Nigel D"]
[Result "1-0"]
[WhiteElo "2613"]
[BlackElo "2677"]
[Annotator "Golod,V"]
[PlyCount "121"]
[EventDate "2000.10.10"]
[EventType "match"]
[EventRounds "6"]
[EventCountry "FRA"]
[SourceTitle "CBM 080"]
[Source "ChessBase"]
[SourceDate "2001.01.25"]
[SourceVersion "1"]
[SourceVersionDate "2001.01.25"]
[SourceQuality "1"]

1. d4 e6 2. c4 Nf6 3. Nc3 Bb4 4. Qc2 d5 5. cxd5 Qxd5 6. e3 c5 7. a3 $5 ({
Another alternative is:} 7. Bd2 {See comments to Georgiev,K-Adams,M/Sarajevo,
2000/CBM 77 (1/2-1/2)(Golod,V)(22) and Serper,G-Christiansen,L/Seattle,2000/
CBM80(1/2-1/2) (Golod,V)(42)}) 7... Bxc3+ {[%mdl 4] Rare enough move,former
popular in 30th years.} (7... cxd4 $5 {It's main line.You can see comments to
Kasparov,G-Nikolic,P/Moscow,1994/CBM 45 (1/2-1/2)(Dautov,R)(20)}) 8. Qxc3 {
[%csl Gc3,Rc8]} Nbd7 (8... Ne4 $6 {(Is the first game in this variation!)} 9.
Qc2 Nd7 10. Nf3 O-O 11. Bc4 Qc6 12. Ne5 $6 (12. O-O $5) 12... Nxe5 13. dxe5 $11
{Stahlberg,G-Andersen,E/Copenhagen,1934 (1/2-1/2)(39)}) 9. Nf3 O-O $146 ({
Was checked in the previous games:} 9... cxd4 $5 10. Nxd4 (10. exd4 $6 b6 11.
Bc4 Qe4+ 12. Qe3 Bb7 $11 {Dobias,J-Trifunovic,P/Prague,1937(0-1)(56)}) (10.
Qxd4 Nc5 11. Bc4 Qxd4 12. Nxd4 (12. exd4 Na4 13. Ne5 Nb6 14. Be2 Nbd7 $11 {
Flohr,S-Botvinnik,M/Hastings,1934(1/2-1/2)(42)}) 12... Bd7 13. Bd2 Nfe4 14. Bb4
(14. Nb3 Nxb3 15. Bxb3 Nxd2 16. Kxd2 Bc6 17. f3 Rd8+ 18. Kc3 Ke7 19. Rad1 Rxd1
20. Rxd1 {1/2-1/2 AraizaMunoz,J-SotoLarrea,M/Havana, 1952(20)}) 14... a5 15.
Bxc5 Nxc5 16. Ke2 Ke7 17. Rac1 Rhc8 18. Rhd1 Na4 $11 {Euwe,M-Gruenfeld,E/
Amsterdam,1936(1/2-1/2) (30)}) 10... O-O 11. f3 Nb6 12. e4 Qd8 (12... Qe5 $143
13. Be2 Rd8 14. Nb5 Qxc3+ 15. Nxc3 e5 16. Kf2 {+/=/= Jelen,I-Kragelj,I/
Ljubljana,1996(1-0)(57)}) 13. Be2 e5 14. Nc2 Re8 15. O-O Be6 $11 {Kramnik,
V-Anand,V/Frankfurt,1998(1/2-1/2)(38)}) ({A little dubious:} 9... b6 10. Bc4
Qc6 11. O-O Bb7 12. Rd1 O-O 13. Bf1 cxd4 14. Qxc6 Bxc6 15. Nxd4 {+/=/= Szabo,
L-Petrovs,V/Kemeri,1939(1-0) (41)}) 10. Bc4 cxd4 $5 ({Also possibly:} 10... Qd6
11. O-O b6 {[%cal Gc8b7]}) 11. Qxd4 Qxd4 12. Nxd4 Ne5 13. Be2 {White has a
insignificant advantage because of two bishops.} Bd7 14. b3 (14. Bd2 $5) 14...
Rfc8 15. Bb2 Ng6 ({Is a possibe continuation of the play:} 15... Ne4 {[%cal
Ge4c3]}) 16. h4 {[%csl Gb2,Rg7,Gh4][%cal Gh4h5,Gb2g7]} h5 ({Another options is:
} 16... h6) 17. a4 a6 ({In my opinion,a little better is:} 17... e5 $5) 18. Rd1
e5 19. Nf3 Be6 $6 ({More logically:} 19... Bg4 $5 20. Nxe5 Bxe2 21. Nxg6 (21.
Kxe2 $2 Rc2+ 22. Rd2 Rxb2 23. Rxb2 Nxe5 24. Rc1 $15) 21... Bxd1 22. Ne7+ Kh7
23. Nxc8 Bxb3 24. Nb6 Rd8 25. Bd4 $11) ({Very interestingly:} 19... Rc2 20.
Bxe5 Nxe5 21. Nxe5 Be6 $44 {[%csl Ra4,Rb3]}) 20. Nxe5 Nxe5 21. Bxe5 Bxb3 22.
Ra1 $14 Bc4 (22... Ng4 $5 23. Bd4 Rc7 $14) 23. Bxf6 Bxe2 {Black transfer to
slightly worse R R endgame.It deserves attention:} (23... gxf6 $5 24. Bxh5 b5
25. Bf3 Rab8 26. axb5 axb5 $44 {[%cal Gb5b4]}) 24. Kxe2 gxf6 {[%mdl 4096]} 25.
Rhb1 Rab8 26. Rb6 Kg7 27. Rd1 {[%csl Rd5,Rd6,Rd7][%cal Gd1d6,Gd6d7,Gd1d5] קf6,
f7,h5} Rc6 ({Senselessly:} 27... Rc4 {in view of:} 28. Rd4) 28. Rb4 (28. Rdb1
$2 Rxb6 29. Rxb6 Rc8 $11 {[%csl Ra4,Rh4][%cal Gc8c4]}) 28... b5 29. Rd5 {
[%csl Rb5,Rh5]} Kg6 30. axb5 Rcb6 $6 ({After:} 30... axb5 $1 31. Rbxb5 Rxb5 (
31... Rh8 $143 32. Kf3 $16) 32. Rxb5 f5 33. Kf3 Rc4 {white have no any chance
to win.}) 31. g4 $1 Rxb5 32. gxh5+ Kg7 ({Badly:} 32... Kh6 {because of:} 33.
Rbxb5 axb5 (33... Rxb5 34. Rd6) 34. Kd2 b4 35. Kc2 $16 {[%cal Gd5f5]}) 33. Rg4+
Kh7 34. e4 a5 ({Loses:} 34... Rxd5 35. exd5 Rd8 36. Rd4 Kh6 37. d6 Kxh5 38. Kd3
$1 {[%csl Gd6][%cal Gd3c4,Gc4c5,Gc5c6,Gc6c7]}) 35. Rf4 Kg7 36. h6+ Kxh6 37. Rd6
$6 ({Much better is:} 37. Rxf6+ Kg7 38. Ra6 Rxd5 39. exd5 Rb4 {+/=/+/-}) 37...
Rb2+ 38. Kf1 Rb1+ (38... Kg7 $143 39. Rdxf6 R8b7 40. h5 {[%csl Rf7][%cal Gh5h6]
}) 39. Kg2 Rg8+ 40. Kh2 Rg6 41. Rdxf6 Rxf6 42. Rxf6+ Kg7 43. Ra6 Re1 44. f3 f5
$1 {This move is made in the most suitable time.Now,at correct game,at black
there is a drawn game.} 45. exf5 Re5 46. f6+ Kf7 47. Kg3 Rb5 $6 {The first
discrepancy.} ({After:} 47... Rf5 48. Kg4 Rxf6 49. Rxa5 Rb6 50. h5 Kg7 51. Kg5
Rb1 52. Ra7+ Kg8 53. f4 Rb6 {on a board- theoretically drawn position.}) 48.
Kg4 a4 49. h5 Rb1 $2 {The second mistake.} (49... a3 $142 50. h6 Kg6 51. f4
Kxh6 52. f5 Rb4+ 53. Kf3 Kh7 $1 {[%cal Gh7g8,Gg8f7]} (53... Kg5 $4 54. f7 Rb8
55. Rg6+ Kxf5 56. Rg8 $18) (53... Rb3+ $2 54. Ke4 Rb4+ 55. Kd5 Rb5+ 56. Ke6)
54. Ra8 a2 55. Rxa2 Kg8 $11) 50. f4 a3 $2 {The third and decisive mistake.Was
necessary to play:} (50... Rb5 $8 {[%csl Yb5,Rf5,Rg5][%cal Yb5g5]} 51. h6 Kg6
52. f5+ (52. Ra8 Rb7 53. f5+ Kxh6 54. Rxa4 Ra7 55. Re4 Ra6) 52... Kxh6 (52...
Rxf5 $4 53. f7+ {[%csl Rf5]}) 53. Rxa4 Rb6 {with good chance to draw.}) 51. Kg5
Rb5+ 52. f5 $18 {The rest is the matter of technics.} Rb1 (52... Rb3 $144 53.
Ra7+ Kf8 54. h6 a2 (54... Rh3 55. h7 a2 56. Rxa2 {-transfer to 54...a2}) 55. h7
Rh3 56. Rxa2 Rh1 (56... Rxh7 57. Ra8+ Kf7 58. Ra7+) 57. Ra4 $18 {[%cal Ga4h4]})
53. Ra7+ Kf8 54. Rxa3 Rg1+ 55. Kf4 Kf7 56. Rg3 Rh1 57. Kg5 Rh2 58. h6 Rh1 59.
Rg4 Rh2 60. Rh4 {[%csl Gh6]} Rg2+ 61. Kf4 1-0

[Event "FIDE-Wch k.o."]
[Site "Moscow"]
[Date "2001.12.02"]
[Round "3.2"]
[White "Bareev, Evgeny"]
[Black "Sakaev, Konstantin"]
[Result "1-0"]
[WhiteElo "2719"]
[BlackElo "2639"]
[Annotator "Golod,V"]
[PlyCount "49"]
[EventDate "2001.11.27"]
[EventType "k.o."]
[EventRounds "7"]
[EventCountry "RUS"]
[SourceTitle "CBM 086"]
[Source "ChessBase"]
[SourceDate "2002.02.05"]
[SourceVersion "1"]
[SourceVersionDate "2002.02.05"]
[SourceQuality "1"]

1. d4 Nf6 2. c4 e6 3. Nc3 Bb4 {[%mdl 2] Alexei Bezgodov makes the following
comments in "Club Kasparov":  "The debut repertoir of Konstantin Sakaeva is
rather wide. Be he more superstitious chess player, hardly would play in this
game protection "Nimzowitsch". Equally,year back,on a Championship of the
World in New Delhi,by the order ,Sergey Volkov win against Sakaev the second
game of their match in this debut. That match Sakaev,eventually has,lost."} 4.
Qc2 d5 5. cxd5 Qxd5 6. e3 c5 7. Bd2 Bxc3 8. Bxc3 cxd4 9. Bxd4 Nc6 10. Bc3 O-O
11. Nf3 Rd8 $5 (11... b6 $5 {/\Bb7(/^a8-h1).See comments to the game: Shipov,
S-Short,N/ Port Erin,1999/  CBM 74 (1-0)(Golod,V)(43)}) (11... Qc5 $5 {See
comments to game Dao Thien Hai-Adams,M/New Delhi,2000/CBM 81(1/2-1/2) (Golod,V)
(31)}) 12. Be2 Qc5 $5 $146 {Bezgodoov,A: " Is not sure, that standard 12...Qe4
is stronger, than move of the Sakaev:} (12... Qe4 $5 13. Qb3 (13. Rc1 $6 Qxc2
14. Rxc2 Nd5 $11 15. O-O Nxc3 16. Rxc3 {1/2-1/2 Onischuk,A-Anand,V/Bastia,2000
(16)}) 13... Nd5 (13... b6 $143 14. O-O Bb7 15. Rfd1 Qg6 16. Qa3 Ne8 17. Ba6
$14 {Keatinge Clay,A-Falconer,N/Concord,1995(0-1)(72)}) 14. Bd2 (14. O-O $6
Nxc3 15. Qxc3 Qb4 16. Qc2 Qe7 17. a3 Bd7 $11 {Touzane,O-Anand,V/Moscow,2001 (1/
2-1/2)(46)}) 14... b6 $5 (14... Qg6 15. O-O e5 16. Rfd1 e4 17. Ne1 Qf5 18. Bc3
Rb8 19. g4 $5 Qe6 20. Ng2 Nxc3 21. Rxd8+ Nxd8 22. Qxc3 {+/=/= Kasparov,
G-Kramnik,V/Moscow,2001 (1/2-1/2)(30)}) 15. Bd3 Qg4 16. O-O Bb7 17. h3 Qh5 18.
Qb5 $13 {Ivanchuk,V-Gelfand,B/Monaco,2001(1-0) (33)}) 13. Qa4 $5 {For White it
is necessary to win this game and to compare the account in a match.} ({
Leads to absolute equality:} 13. O-O $6 Nd5 14. Rac1 Nxc3 15. Qxc3 Qxc3 16.
Rxc3 Bd7 $11) 13... Nd5 14. Bd2 Bd7 15. Qh4 {[%csl Rg8,Gh4] Alexei Bezgodov
makes the following comments in "Club Kasparov": "The purpose white is clear:
to try to create something real on king side.However,without blunders of the
opponent,it is difficult to hope on it."} Qc2 $6 (15... Nce7 $5 16. e4 Nf6 {
[%csl Ye7,Yf6,Rh4]}) 16. O-O Ne5 $2 ({Can be recommended:} 16... Rac8 $5) ({and
} 16... e5 $5) 17. Nxe5 $1 Qxd2 18. Bd3 {[%csl Gd3,Gh4,Rh7]} g6 $4 {After this
blunder,white has a forced way to win.} ({Is a possible continuation of the
play:} 18... Nf6 19. Rad1 Qxb2 20. Nxd7 Rxd7 (20... Nxd7 $143 21. Qxh7+ Kf8 22.
Rb1 Qxa2 23. Rxb7 $16) 21. Bxh7+ Kf8 22. Rxd7 Nxd7 23. Bd3 {[%csl Ra8][%cal
Gh4h8]} Re8 24. Rb1 {[%csl Rb7] +/=/+/-}) ({or} 18... h6 $5 19. Qe4 f5 (19...
Nf6 $143 20. Qxb7 Rab8 21. Qxa7 $16) 20. Qd4 Qa5 $14) 19. Nxf7 $1 {[%mdl 64]}
Kxf7 $8 ({Much worse is:} 19... Rf8 20. Ng5 Nf6 $8 21. Bxg6 $1 hxg6 $140 22.
Rad1 Qxb2 23. Rxd7 $18 {[%csl Gd7,Rg8,Gh4][%cal Gd7h7,Gh7h8]}) 20. Qxh7+ Kf6 $8
({Also loses right away:} 20... Kf8 {in view of:} 21. Bxg6 {[%cal Gh7f7]} Be8
$8 22. Qh8+ Ke7 23. Qg7+ Kd6 24. Rfd1 Qb4 25. e4 $18 {[%csl Rd5]}) 21. Qxg6+
Ke7 (21... Ke5 $143 22. Rad1 Qb4 (22... Qxb2 23. Qg7+ Nf6 24. Bh7 $1 {[%csl
Gd1,Re5,Gh7][%cal Gf2f4] and mate in two moves.}) 23. e4 {[%csl Rd5,Re5]} Rg8 (
23... Nf6 24. Qg5+ {[%csl Rf6]}) 24. Qh5+ Kf6 25. exd5 $18) 22. Qg7+ Kd6 $8 23.
Rfd1 Qb4 24. e4 Ba4 ({Nothing changes,after:} 24... Rac8 25. exd5 exd5 26. Qg3+
) 25. Rac1 $1 {[%csl Rd6][%cal Ge4e5] White effectively finish a game.} (25.
Rac1 e5 26. Bc2 {[%csl Yc2,Rd5][%cal Gd1d5]}) 1-0

[Event "USA-ch"]
[Site "Seattle"]
[Date "2000.10.02"]
[Round "7"]
[White "Serper, Grigory"]
[Black "Christiansen, Larry Mark"]
[Result "1/2-1/2"]
[WhiteElo "2574"]
[BlackElo "2563"]
[Annotator "Golod,V"]
[PlyCount "84"]
[EventDate "2000.09.25"]
[EventType "tourn"]
[EventRounds "11"]
[EventCountry "USA"]
[EventCategory "14"]
[SourceTitle "CBM 080"]
[Source "ChessBase"]
[SourceDate "2001.01.25"]
[SourceVersion "1"]
[SourceVersionDate "2001.01.25"]
[SourceQuality "1"]

1. d4 {Hecht} Nf6 2. c4 e6 3. Nc3 Bb4 4. Qc2 d5 5. cxd5 Qxd5 6. e3 c5 7. Bd2
Bxc3 8. Bxc3 cxd4 9. Bxd4 Nc6 10. Bc3 {This variation is very young, the games
played with this variation are dated 1999-2000 years.} Bd7 $5 {Except of this
move,black also can play:} (10... e5 $5 {You can see comments to games:
Kramnik,V-Anand,V/Frankfurt,1999/CBM 72 (1/2-1/2)(Golod,V)(49) and Gelfand,
B-Speelman,J/Las Vegas,1999/ CBM 72(1-0)(Golod,V)(53)}) (10... O-O $5 {See
comments to Georgiev,K-Adams,M/Sarajevo,2000/CBM 77 (1/2-1/2) (Golod,V)(22)}) (
{and} 10... Qc5 $5 {You can see comments to Seirawan,Y-Adams,M/Bermuda,2000/
CBM 76 (1/2-1/2)(Golod,V)(26)}) 11. Nf3 Rc8 {[%csl Gc8][%cal Gc6b4]} 12. Be2 $2
$146 {White have not solved threat black.} ({Can be recommended:} 12. a3 Ne7
13. Rd1 (13. Be2 $143 O-O 14. O-O Bb5 15. Rfd1 {1/2-1/2 Khalifman,A-Leko,P/
Dortmund,2000 (15)}) 13... Qc5 14. e4 (14. Rd4 $6 O-O 15. Rc4 Qb6 16. Bd4 Qa5+
17. Bc3 Qb6 18. Bd4 Qa5+ 19. Bc3 {1/2-1/2 Cramling,P-Illescas Cordoba,M/
Barcelona,2000(19)}) 14... O-O $5 (14... Bb5 $143 15. Be2 Qc6 (15... O-O $5)
16. Bxb5 Qxb5 17. Nd4 Qc4 18. f3 Nc6 19. Nxc6 Rxc6 20. Qf2 $14 {Van Wely,
L-Gelfand,B/Polanica Zdroj,2000 (1/2-1/2)(38)}) 15. Bd3 Ng6 16. g3 Qh5 17. Be2
Bb5 $11 {Akesson,R-Plaskett,J/Port Erin,2000(1-0) (35)}) 12... Nb4 {Already
white it is necessary to achieve for equality} 13. Qb1 ({Badly:} 13. Qd1 $2 {
in view of:} Qxd1+ $1 14. Bxd1 (14. Rxd1 Nxa2 15. Bxf6 gxf6 $17) (14. Kxd1 Ba4+
$1 $17) 14... Nd3+ 15. Ke2 Ne4 16. Kxd3 Nxf2+ 17. Ke2 Nxh1 18. Bb3 Bb5+ 19. Ke1
O-O $17 {[%cal Gf8d8]}) 13... Bb5 $1 {Now king of white remains at the centre.}
14. Bxb4 ({Senselessly:} 14. e4 {because of:} Qh5 {[%csl Re1]}) 14... Bxe2 15.
Kxe2 Qb5+ 16. Qd3 Qxb4 {=/+/=} 17. Rab1 O-O {[%cal Gf8d8]} 18. Rhd1 {White it
is necessary to play accurately as they should decide a problem of weakness of
pawns in the queen side.} Qa4 {[%csl Ra2,Rc2][%cal Ga4a2,Gc8c2]} 19. a3 Rc2+
20. Rd2 Rxd2+ $1 {Only so Larry Christiansen keeps a small advantage.} ({
Absolute equality after:} 20... Rfc8 21. Rbd1) 21. Nxd2 Rc8 {<->c} 22. Nb3 h6
23. h3 {[%csl Yh3][%cal Yh3g4] Useful preventive move.} e5 24. Kf1 ({It seemed
that it is impossible:} 24. Rc1 {because of:} Rxc1 25. Nxc1 Qc6 {[%csl Rc1,Rg2]
[%cal Gc6c1,Gc6g2] but white has a tactical rescue:} 26. Qd8+ Kh7 27. Qd3+ g6
28. Qb3 $1 Kg7 29. Nd3 $11 {[%csl Re5,Rf7]}) 24... Ne4 25. Rc1 Rxc1+ 26. Nxc1
Nc5 {Black on former have by the initiative} 27. Qd2 Qc4+ 28. Ne2 Na4 {[%csl
Rb2]} 29. Kg1 Qb3 30. Nc3 $1 {For input in game the white's knight it is not a
pity to offer at pawn"b2".} Nxc3 ({Also equality after:} 30... Nxb2 31. Qd8+
Kh7 32. Nd5 {[%csl Gd5,Gd8,Rh7][%cal Gd5e7]} (32. Qc8 $2 Qc2 $17 {[%csl Rc3]
[%cal Gb2d1]}) 32... h5 (32... f6 33. Qd7 $44 {[%cal Gd5f6]}) 33. Ne7 Qd1+ 34.
Qxd1 Nxd1 35. Nc8 {[%cal Gc8a7,Gc8d6,Gd6b7,Gd6f7]} Nb2 36. Nxa7 Nc4 37. Nb5 $11
) 31. Qxc3 {White transfer to equal pawns endgame.The weakness of the pawn"c3"
does not play what role.} Qxc3 32. bxc3 {PP_|_ Hecht: '[#] Von Durchbrüchen
und Zugzwang - nur in den Varianten! Leichter schwarzer Vorteil, wegen der
schlechteren weißen BAUERNSTRUKTUR, der sich jedoch nicht ausnutzen läßt.'} f5
33. Kf1 Kf7 34. Ke2 e4 35. Kd2 Ke6 (35... b5 {Hecht} 36. c4 bxc4 37. Kc3 Ke6
38. Kxc4 Kd6 $14) 36. c4 Kd6 37. Kc3 $11 {The king white's king covers
weakness on the queen side.} Kc5 38. h4 {'!' Hecht. Hecht: 'Wirkt dem
schwarzen Quartgriff h6-h5-h4 ("Badewanne") entgegen, was schwarze
Bauerndurchbrüche begünstigt.'} (38. Kb3 {Hecht} g5 39. Kc3 h5 40. Kb3 h4 41.
Kc3 a5 42. a4 f4 43. Kb3 f3 44. gxf3 exf3 45. Kc3 g4 $19 {soll als Beispiel
dienen.}) 38... g6 39. Kb3 a5 (39... b5 $144 40. cxb5 Kxb5 41. a4+ Kc5 42. Kc3
a5 43. Kb3 $11) 40. a4 {'!' Hecht.} (40. g3 {Hecht} a4+ 41. Kxa4 (41. Kc3 h5
$22) 41... Kxc4 42. Ka5 Kd3 43. Kb6 Ke2 44. Kxb7 Kxf2 45. a4 Kxg3 46. a5 f4 47.
h5 gxh5 48. a6 fxe3 49. a7 e2 50. a8=Q e1=Q 51. Qg8+ Kh2 $19) 40... Kd6 41. Kc3
Ke5 42. g3 h5 1/2-1/2

[Event "Sarajevo Bosnia 30th"]
[Site "Sarajevo"]
[Date "2000.05.19"]
[Round "3"]
[White "Georgiev, Kiril"]
[Black "Adams, Michael"]
[Result "1/2-1/2"]
[WhiteElo "2677"]
[BlackElo "2715"]
[Annotator "Golod,V"]
[PlyCount "43"]
[EventDate "2000.05.17"]
[EventType "tourn"]
[EventRounds "11"]
[EventCountry "BIH"]
[EventCategory "19"]
[SourceTitle "CBM 077"]
[Source "ChessBase"]
[SourceDate "2000.07.27"]
[SourceVersion "1"]
[SourceVersionDate "2000.07.27"]
[SourceQuality "1"]

1. d4 Nf6 2. c4 e6 3. Nc3 Bb4 4. Qc2 d5 5. cxd5 Qxd5 6. e3 c5 7. Bd2 Bxc3 8.
Bxc3 cxd4 9. Bxd4 Nc6 10. Bc3 {This variation is very young, the games played
with this variation are dated 1999-2000 years.} O-O $5 {Except of this move,
black also can play:} (10... e5 $5 {See comments to games: Kramnik,V-Anand,V/
Frankfurt,1999/CBM 72 (1/2-1/2)  (Golod,V)(49) and Gelfand,B-Speelman,J/Las
Vegas,1999/ CBM 72(1-0)(Golod,V)(53)}) ({and} 10... Qc5 $5 {You can see
comments to Seirawan,Y-Adams,M/Bermuda,2000/CBM 76 (1/2-1/2)(Golod,V)(26)}) 11.
Nf3 Qc5 $5 {[%mdl 4]} (11... b6 {/\Bb7(/^a8-h1)See comments to Shipov,S-Short,
N/Port Erin,1999(1-0) (Golod,V) (43)}) ({In my opinion dubious:} 11... e5 12.
Be2 (12. Rd1 $6 Qxa2 13. Nxe5 Nxe5 14. Bxe5 Bg4 $11) 12... Bg4 13. O-O (13. h3
$5 Bh5 14. O-O Rad8 15. b4 $14 {Reshevsky,S-Bisguier,A/New York,1957 (1-0)(44)}
) 13... Bh5 14. Rfd1 Qc5 15. Qb3 Qe7 16. Qa3 $5 Qxa3 17. bxa3 $14 {Bronstein,
D-Smyslov,V/Parnu,1947(1/2-1/2) (25)}) ({Can be recommended:} 11... Rd8 $5 12.
Be2 Qe4 13. Qb3 b6 14. O-O Bb7 15. Rfd1 Qg6 16. Qa3 {+/=/= Keatinge Clay,
A-Falconer,N/Concord, 1995(0-1)(72)}) 12. Rc1 Nd5 13. Bd2 Qxc2 14. Rxc2 Rd8 ({
After} 14... e5 $5 {(can be recommended)} 15. Rc5 Rd8 16. Bc4 Nb6 17. Bb3 Re8
18. Ng5 Re7 19. f3 (19. O-O h6 $11) 19... Nd7 20. Rc1 Nf6 21. Bc2 h6 22. Ne4 {
1/2-1/2 Kasparov,G-Anand,V/Frankfurt,1999 (22) Even the best chessplayer of
the planet didn't recieve any advantage.}) 15. a3 h6 (15... Bd7 $5 16. Bd3 Be8
17. Ke2 f6 18. h3 {1/2-1/2 Giorgadze,G-Short,N/Bugojno,1999 (18)}) 16. b4 $146
{Looks better than:} (16. Bb5 Bd7 17. Bc4 Nb6 18. Bb3 Ne7 19. O-O Rac8 20. Rxc8
Nbxc8 21. Rc1 Bc6 $11 {Dreev,A-Adams,M/Las Vegas,1999(1/2-1/2) (51)}) 16... a6
17. Bc4 (17. e4 Nf6 18. e5 Nd5 19. Be2 Bd7 20. O-O Nce7 $11 {[%csl Ya4,Yb5,Yc6,
Yd5] And black have excelent game on white squares.}) 17... e5 (17... Nb6 $143
18. Bb3 e5 19. Rxc6 $1 {Interesting move!} (19. e4 $143 Rd6 {[%cal Gc8e6]} 20.
Be3 Nd7 21. O-O Nf6 $132 {[%csl Re4]}) 19... bxc6 20. Nxe5 Be6 21. Bxe6 fxe6
22. Ke2 $1 (22. Nxc6 $2 Rd6 23. Nd4 (23. Ne5 Rad8 $19) 23... Nc4 24. Bc1 e5 $15
) 22... Rac8 $140 23. Rc1 Rd6 24. e4 $14) 18. O-O Bf5 19. Rcc1 e4 20. Nd4 Nxd4
21. exd4 Rac8 22. Bxd5 {We have one more proof of reliability of this
fashionable variation. White must to do something!} 1/2-1/2